[Event "Oberliga Ost A"]
[Site "?"]
[Date "2022.07.09"]
[Round "6.7"]
[White "Schoen, Florian"]
[Black "Dobierzin, Olaf"]
[Result "1/2-1/2"]
[WhiteElo "1688"]
[BlackElo "2007"]
[PlyCount "120"]
[EventDate "2021.10.10"]
[EventType "team-tourn"]
[EventCountry "GER"]
[WhiteTeam "Leipzig VfB"]
[BlackTeam "Leipzig SG II"]
[WhiteTeamCountry "GER"]
[BlackTeamCountry "GER"]

1. e4 c5 2. Nc3 Nc6 3. Bb5 Nd4 4. f4 a6 5. Bd3 g6 6. a4 b6 7. Nf3 Bg7 8. O-O e6
9. Nxd4 cxd4 10. Ne2 Ne7 11. Qe1 O-O 12. Qf2 Nc6 13. e5 f6 14. Nxd4 fxe5 15.
Nxc6 dxc6 16. Qe3 exf4 17. Rxf4 Rxf4 18. Qxf4 Ra7 19. Qe4 Qd6 20. c3 Rf7 21. b4
c5 22. Ba3 Bb7 23. Qe3 Qd5 24. Bf1 cxb4 25. Bxb4 Qc6 26. a5 bxa5 27. Rxa5 Rf5
28. Rxf5 gxf5 29. Qg5 Qd5 30. Qe7 h6 31. Qe8+ Kh7 32. Qf7 Kh8 33. Bf8 Bxf8 34.
Qxf8+ Kh7 35. Qf7+ Kh8 36. Qg6 Qxd2 37. Qe8+ Kg7 38. Qe7+ Kg6 39. Qxb7 Qe3+ 40.
Kh1 Qxc3 41. Qxa6 Qe1 42. Qe2 Qxe2 43. Bxe2 Kg5 44. Kg1 Kf4 45. Kf2 e5 46. Bd1
Kg5 47. Kg3 h5 48. Be2 h4+ 49. Kf3 Kf6 50. Bd1 Kg5 51. g3 Kf6 52. Bc2 Kg5 53.
Bxf5 Kxf5 54. g4+ Kg5 55. h3 Kf6 56. Ke4 Ke6 57. g5 Kf7 58. Kf5 e4 59. Kxe4 Kg6
60. Kf4 Kh5 1/2-1/2

[Event "Oberliga Ost A"]
[Site "?"]
[Date "2022.07.09"]
[Round "6.8"]
[White "Gempe, Anet"]
[Black "Englert, Luca"]
[Result "0-1"]
[WhiteElo "1977"]
[BlackElo "1741"]
[PlyCount "124"]
[EventDate "2021.10.10"]
[EventType "team-tourn"]
[EventCountry "GER"]
[WhiteTeam "Leipzig SG II"]
[BlackTeam "Leipzig VfB"]
[WhiteTeamCountry "GER"]
[BlackTeamCountry "GER"]

1. e4 c5 2. Nf3 d6 3. d4 cxd4 4. Nxd4 Nf6 5. Nc3 a6 6. Be2 e5 7. Nb3 Be6 8. Be3
Be7 9. O-O O-O 10. f3 d5 11. exd5 Nxd5 12. Nxd5 Bxd5 13. c4 Bc6 14. Qxd8 Rxd8
15. Na5 Nd7 16. Nxc6 bxc6 17. Rad1 Bc5 18. Kf2 Kf8 19. Bd3 Bxe3+ 20. Kxe3 Nc5
21. Be4 Nxe4 22. Kxe4 f6 23. f4 exf4 24. Kxf4 a5 25. Rxd8+ Rxd8 26. Ke3 Re8+
27. Kd2 Re5 28. Rf2 Ke7 29. Kc3 h5 30. b4 Kd6 31. Rd2+ Kc7 32. bxa5 Rxa5 33.
Kb4 Kb6 34. a4 Re5 35. Ra2 c5+ 36. Kc3 Ka5 37. Kd3 h4 38. h3 f5 39. Kc3 Re3+
40. Kd2 Rg3 41. Ke1 g6 42. Kf2 Rc3 43. Re2 Rxc4 44. Re6 g5 45. Rf6 Rf4+ 46. Ke3
Kxa4 47. Rg6 Re4+ 48. Kd3 g4 49. Rg5 gxh3 50. gxh3 Rf4 51. Ke3 Rb4 52. Rxf5
Rb3+ 53. Kf4 Rb4+ 54. Kg5 Kb5 55. Rf8 Rd4 56. Rb8+ Ka4 57. Rc8 c4 58. Rc7 Kb3
59. Rb7+ Kc2 60. Rf7 c3 61. Rf2+ Kb3 62. Rf3 Kb2 0-1

[Event "Oberliga Ost A"]
[Site "?"]
[Date "2022.07.09"]
[Round "6.1"]
[White "Rafayevych, Vilen"]
[Black "Engelmann, Jakob"]
[Result "1-0"]
[WhiteElo "2138"]
[BlackElo "2263"]
[PlyCount "41"]
[EventDate "2021.10.10"]
[EventType "team-tourn"]
[EventCountry "GER"]
[WhiteTeam "Magdeburg SG Aufbau Elbe II"]
[BlackTeam "Sangerhausen SV"]
[WhiteTeamCountry "GER"]
[BlackTeamCountry "GER"]

1. d4 c6 2. c4 d5 3. cxd5 cxd5 4. Bf4 Nf6 5. Nc3 e6 6. Nf3 Be7 7. e3 a6 8. Bd3
Nc6 9. O-O O-O 10. Ne5 Bd7 11. Rc1 Rc8 12. Bb1 Na5 13. Qe2 b5 14. a3 Qb6 15.
Bg5 Rc7 16. e4 Bc6 17. Nxc6 Nxc6 18. exd5 Nxd4 19. Qd3 g6 20. d6 Qxd6 21. Bxf6
1-0

[Event "Oberliga Ost A"]
[Site "?"]
[Date "2022.07.09"]
[Round "6.2"]
[White "Hellwig, Tobias"]
[Black "Windelband, Jens"]
[Result "1/2-1/2"]
[WhiteElo "2201"]
[BlackElo "2080"]
[PlyCount "120"]
[EventDate "2021.10.10"]
[EventType "team-tourn"]
[EventCountry "GER"]
[WhiteTeam "Sangerhausen SV"]
[BlackTeam "Magdeburg SG Aufbau Elbe II"]
[WhiteTeamCountry "GER"]
[BlackTeamCountry "GER"]

1. d4 e6 2. Nf3 d5 3. c4 c5 4. cxd5 exd5 5. Nc3 Nc6 6. Bf4 Nf6 7. e3 c4 8. Be2
Bb4 9. O-O O-O 10. Bg5 Bxc3 11. bxc3 h6 12. Bh4 g5 13. Bg3 Ne4 14. Qc2 Qa5 15.
Rfc1 Bf5 16. Qb2 b5 17. Ne5 Rac8 18. Bf3 f6 19. Nxc6 Rxc6 20. a4 bxa4 21. Bxe4
Bxe4 22. Qa3 Rf7 23. Qxa4 Qxa4 24. Rxa4 Rb7 25. h4 Rcb6 26. Kh2 Rb3 27. hxg5
hxg5 28. Bd6 g4 29. Kg3 Rb2 30. Bb4 Bf5 31. Rca1 Be6 32. Rxa7 Rxa7 33. Rxa7 Rc2
34. Re7 Bf7 35. Rc7 Be6 36. Rb7 Rb2 37. Rb8+ Kf7 38. Rf8+ Kg6 39. f3 gxf3 40.
gxf3 Re2 41. Kf4 Rf2 42. Rb8 Kg7 43. Rb7+ Kg8 44. Re7 Bf7 45. Kg3 Re2 46. e4
dxe4 47. fxe4 f5 48. e5 Re4 49. Ra7 Rg4+ 50. Kf2 Bd5 51. Rd7 Bf7 52. Rd6 Re4
53. Rf6 f4 54. Rd6 Re3 55. Rf6 Re4 56. Ba5 Kg7 57. Bd8 Re3 58. Ba5 Re4 59. Kg2
Bd5 60. Kf1 Re3 1/2-1/2

[Event "Oberliga Ost A"]
[Site "?"]
[Date "2022.07.09"]
[Round "6.3"]
[White "Noack, Marcel"]
[Black "Guenther, Christian"]
[Result "0-1"]
[WhiteElo "2028"]
[BlackElo "2129"]
[PlyCount "114"]
[EventDate "2021.10.10"]
[EventType "team-tourn"]
[EventCountry "GER"]
[WhiteTeam "Magdeburg SG Aufbau Elbe II"]
[BlackTeam "Sangerhausen SV"]
[WhiteTeamCountry "GER"]
[BlackTeamCountry "GER"]

1. e4 Nf6 2. d3 d5 3. e5 Nfd7 4. f4 e6 5. Nf3 c5 6. c4 d4 7. Be2 a6 8. O-O b5
9. Na3 Qb6 10. Ng5 Be7 11. Bf3 Bb7 12. Bxb7 Qxb7 13. Qf3 Ra7 14. Ne4 Nc6 15.
Qg3 g6 16. Qh3 Nb4 17. Bd2 Qb6 18. Rfc1 h5 19. cxb5 O-O 20. bxa6 Nd5 21. Nc4
Qxa6 22. g4 hxg4 23. Qxg4 Kg7 24. Kg2 Rh8 25. Rh1 Rh4 26. Qg3 Qc6 27. Kf2 Ra8
28. a3 Rah8 29. h3 Rxf4+ 30. Kg1 Bh4 31. Qg2 Rf5 32. Rf1 Ne7 33. Ned6 Rxf1+ 34.
Kxf1 Rh5 35. Qxc6 Nxc6 36. Ke2 Ncxe5 37. Rf1 Be7 38. Ne8+ Kf8 39. Nc7 Nxc4 40.
dxc4 Kg7 41. a4 Ne5 42. a5 Rh8 43. a6 Bd8 44. Ba5 d3+ 45. Ke1 Nxc4 46. a7 Bh4+
47. Kd1 Ne3+ 48. Kd2 Nxf1+ 49. Kxd3 Be7 50. a8=Q Rxa8 51. Nxa8 Kf6 52. Bc7 e5
53. Nb6 Ke6 54. Nc4 f6 55. Ke4 Ng3+ 56. Kf3 Nf5 57. Ke4 Nd6+ 0-1

[Event "Oberliga Ost A"]
[Site "?"]
[Date "2022.07.09"]
[Round "6.4"]
[White "Ellemann, Stefan"]
[Black "Sieber, Martin"]
[Result "1/2-1/2"]
[WhiteElo "2043"]
[BlackElo "1937"]
[PlyCount "146"]
[EventDate "2021.10.10"]
[EventType "team-tourn"]
[EventCountry "GER"]
[WhiteTeam "Sangerhausen SV"]
[BlackTeam "Magdeburg SG Aufbau Elbe II"]
[WhiteTeamCountry "GER"]
[BlackTeamCountry "GER"]

1. d4 Nf6 2. Bf4 e6 3. Nf3 b6 4. e3 Bb7 5. Bd3 Be7 6. Nbd2 O-O 7. Qe2 d5 8. Ne5
c5 9. c3 Nc6 10. O-O cxd4 11. exd4 Nxe5 12. dxe5 Ne8 13. Nf3 g6 14. Rfe1 Ng7
15. Bh6 Rc8 16. Rad1 Re8 17. Bb5 Bc6 18. Ba6 Rc7 19. Nd4 Bd7 20. Qg4 Nf5 21.
Nxf5 exf5 22. Qg3 Bh4 23. Qd3 Bg5 24. Bxg5 Qxg5 25. Bb5 Re7 26. a4 Be6 27. Qg3
Qxg3 28. hxg3 Rc8 29. f4 h5 30. Kf2 Kf8 31. Ke3 Rec7 32. Rd4 Ke7 33. Red1 Rc5
34. Be2 Bd7 35. Ra1 Rd8 36. Bf3 Ke6 37. Rad1 Bc8 38. c4 Ba6 39. cxd5+ Ke7 40.
b4 Rc3+ 41. Kd2 Ra3 42. b5 Bc8 43. Rc1 Ra2+ 44. Ke3 Bd7 45. Rc7 Ke8 46. Rdc4
Ra3+ 47. Kd4 Rb8 48. Rxa7 Bxb5 49. Rc3 Rxa4+ 50. Rxa4 Bxa4 51. Rc7 Bd7 52. Kc3
Ra8 53. Rb7 Ra3+ 54. Kb2 Ra6 55. d6 Be6 56. Bc6+ Kf8 57. Rb8+ Kg7 58. d7 Ra2+
59. Kb1 Bxd7 60. Kxa2 Bxc6 61. Rxb6 Bxg2 62. Kb2 Bd5 63. Kc3 Kf8 64. Kd4 Be6
65. Kc5 Ke7 66. Rb7+ Kf8 67. Kd6 Kg7 68. Ke7 Bc4 69. Rb6 Ba2 70. Rf6 Bb3 71.
Rc6 Bd5 72. Rd6 Bb3 73. Rc6 Bd5 1/2-1/2

[Event "Oberliga Ost A"]
[Site "?"]
[Date "2022.07.09"]
[Round "6.6"]
[White "Buerckner, Georg"]
[Black "Willberg, Frank"]
[Result "1/2-1/2"]
[WhiteElo "2029"]
[BlackElo "1883"]
[PlyCount "107"]
[EventDate "2021.10.10"]
[EventType "team-tourn"]
[EventCountry "GER"]
[WhiteTeam "Sangerhausen SV"]
[BlackTeam "Magdeburg SG Aufbau Elbe II"]
[WhiteTeamCountry "GER"]
[BlackTeamCountry "GER"]

1. e4 d5 2. exd5 Qxd5 3. d4 Nf6 4. Nf3 Bg4 5. Be2 e6 6. c4 Qd8 7. Qb3 Nc6 8.
Be3 Bb4+ 9. Nc3 O-O 10. O-O Qe7 11. a3 Bxc3 12. Qxc3 Ne4 13. Qc2 Bf5 14. Bd3
Nd6 15. Rad1 Qf6 16. Rfe1 Rfe8 17. Qc1 Bxd3 18. Rxd3 h6 19. Red1 Nf5 20. Bf4
Rac8 21. h3 Nh4 22. Nxh4 Qxh4 23. Qe3 Ne7 24. Qf3 c6 25. Bg3 Qg5 26. Qe4 Qf5
27. Qe2 Ng6 28. Re3 Red8 29. Rf3 Qg5 30. Qe4 Rd7 31. h4 Qh5 32. Rfd3 Rcd8 33.
f3 Ne7 34. Bf2 Qf5 35. Kf1 Qxe4 36. fxe4 b6 37. Ke2 h5 38. b4 f6 39. a4 Kf7 40.
Ra3 Nc8 41. Rc3 Nd6 42. Kf3 Nb7 43. Rb1 g5 44. hxg5 fxg5 45. b5 Rc8 46. Rbc1 c5
47. d5 Re8 48. Re1 Kg6 49. Bg3 e5 50. Ke3 Rf7 51. Rc2 Nd6 52. Ra1 h4 53. Bh2 g4
54. Kd3 1/2-1/2

[Event "Oberliga Ost A"]
[Site "?"]
[Date "2022.07.09"]
[Round "6.7"]
[White "Eschner, Fabian"]
[Black "Markus, Nico"]
[Result "1/2-1/2"]
[WhiteElo "1722"]
[BlackElo "1709"]
[PlyCount "52"]
[EventDate "2021.10.10"]
[EventType "team-tourn"]
[EventCountry "GER"]
[WhiteTeam "Magdeburg SG Aufbau Elbe II"]
[BlackTeam "Sangerhausen SV"]
[WhiteTeamCountry "GER"]
[BlackTeamCountry "GER"]

1. e4 e5 2. Nf3 Nf6 3. Nc3 Nc6 4. Bc4 Nxe4 5. Nxe4 d5 6. Bb5 dxe4 7. Nxe5 Qd5
8. Bxc6+ bxc6 9. Ng4 Bd6 10. Ne3 Qg5 11. d3 exd3 12. Qxd3 O-O 13. Bd2 Qb5 14.
Bc3 Ba6 15. O-O-O Qxd3 16. cxd3 Rfe8 17. Rhe1 Rad8 18. g3 c5 19. Kc2 f6 20. Nc4
Kf7 21. Na5 Bb5 22. f4 g6 23. Nb7 Rb8 24. Nxd6+ cxd6 25. d4 Rxe1 26. Rxe1 Re8
1/2-1/2

[Event "Oberliga Ost A"]
[Site "?"]
[Date "2022.07.10"]
[Round "7.2"]
[White "Cerveny, Martin"]
[Black "Jahnel, Guenther"]
[Result "1-0"]
[WhiteElo "2396"]
[BlackElo "2191"]
[PlyCount "111"]
[EventDate "2021.10.10"]
[EventType "team-tourn"]
[EventCountry "GER"]
[WhiteTeam "Aue ESV Nickelhuette"]
[BlackTeam "Hoyerswerda FVS ASP"]
[WhiteTeamCountry "GER"]
[BlackTeamCountry "GER"]

1. d4 Nf6 2. Nf3 g6 3. g3 Bg7 4. Bg2 O-O 5. O-O d6 6. b3 Nbd7 7. Nc3 c6 8. e4
Qc7 9. a4 b6 10. Re1 Rd8 11. Bb2 Bb7 12. h3 a6 13. Qe2 e5 14. Rad1 Rac8 15. h4
b5 16. dxe5 Nxe5 17. Nh2 Re8 18. Kh1 h5 19. Nb1 bxa4 20. bxa4 c5 21. Qf1 Nfg4
22. Nxg4 hxg4 23. Bxe5 Bxe5 24. Qc4 Qe7 25. Nd2 Qf6 26. Qe2 Rcd8 27. Rf1 Qe6
28. Rb1 Qd7 29. Nc4 Bc6 30. Nb6 Qe6 31. Qxa6 g5 32. hxg5 Kg7 33. Kg1 Rh8 34.
Nc4 Ba8 35. Rfd1 Bd4 36. Re1 Qg6 37. Rb6 Qxg5 38. Rxd6 Rde8 39. Qa5 Rh5 40. Qd2
Qe7 41. c3 Be5 42. Rd7 Qe6 43. Nxe5 Rxe5 44. Rd6 Qe7 45. Qh6+ Kg8 46. Rf6 Bxe4
47. Rxe4 Rxe4 48. Bxe4 Qxe4 49. Qg5+ Kf8 50. Qxc5+ Kg7 51. Qg5+ Kf8 52. Qf4
Qb1+ 53. Kg2 Qb7+ 54. Kh2 Re4 55. Qh6+ Ke8 56. Qh8+ 1-0

[Event "Oberliga Ost A"]
[Site "?"]
[Date "2022.07.10"]
[Round "7.4"]
[White "Jurasek, Miroslav"]
[Black "Graf, Roland"]
[Result "0-1"]
[WhiteElo "2241"]
[BlackElo "2099"]
[PlyCount "68"]
[EventDate "2021.10.10"]
[EventType "team-tourn"]
[EventCountry "GER"]
[WhiteTeam "Aue ESV Nickelhuette"]
[BlackTeam "Hoyerswerda FVS ASP"]
[WhiteTeamCountry "GER"]
[BlackTeamCountry "GER"]

1. Nf3 Nf6 2. g3 g6 3. Bg2 Bg7 4. c4 O-O 5. Nc3 d5 6. cxd5 Nxd5 7. O-O Nb6 8.
d3 Nc6 9. Be3 h6 10. Qd2 Kh7 11. Rfc1 Re8 12. Rab1 e5 13. Ne4 Nd5 14. Nc5 Nce7
15. Qe1 b6 16. Ne4 c5 17. Bd2 Bb7 18. a3 f5 19. Nc3 Nxc3 20. Bxc3 Nd5 21. Nh4
Nxc3 22. bxc3 e4 23. dxe4 fxe4 24. Bh1 Qf6 25. Ng2 Rad8 26. Ne3 Qe6 27. Rc2 Bc6
28. Bg2 Ba4 29. Rcb2 Rd6 30. Rc1 Red8 31. g4 Be5 32. Bxe4 Bf4 33. Bf3 Bxe3 34.
fxe3 Rd1 0-1

[Event "Oberliga Ost A"]
[Site "?"]
[Date "2022.07.10"]
[Round "7.5"]
[White "Wolf, Andreas"]
[Black "Heinz, Thomas"]
[Result "1/2-1/2"]
[WhiteElo "2056"]
[BlackElo "2160"]
[PlyCount "43"]
[EventDate "2021.10.10"]
[EventType "team-tourn"]
[EventCountry "GER"]
[WhiteTeam "Hoyerswerda FVS ASP"]
[BlackTeam "Aue ESV Nickelhuette"]
[WhiteTeamCountry "GER"]
[BlackTeamCountry "GER"]

1. d4 d5 2. Nf3 Nf6 3. c4 e6 4. g3 Be7 5. Bg2 O-O 6. O-O c6 7. Qc2 b6 8. Rd1
Bb7 9. Nc3 Nbd7 10. e4 Nxe4 11. Nxe4 dxe4 12. Qxe4 Nf6 13. Qe2 Rc8 14. Ne5 h6
15. Bf4 Re8 16. a3 Nd7 17. Rd2 Nxe5 18. dxe5 Qc7 19. Rad1 Rcd8 20. Qg4 Kf8 21.
Qh5 Rxd2 22. Bxd2 1/2-1/2

[Event "Oberliga Ost A"]
[Site "?"]
[Date "2022.07.10"]
[Round "7.6"]
[White "Poessel, Christian"]
[Black "Roessel, Louis"]
[Result "0-1"]
[WhiteElo "2002"]
[BlackElo "1961"]
[PlyCount "120"]
[EventDate "2021.10.10"]
[EventType "team-tourn"]
[EventCountry "GER"]
[WhiteTeam "Aue ESV Nickelhuette"]
[BlackTeam "Hoyerswerda FVS ASP"]
[WhiteTeamCountry "GER"]
[BlackTeamCountry "GER"]

1. d4 Nf6 2. c4 e6 3. Nf3 b6 4. g3 Bb7 5. Bg2 Be7 6. Nc3 O-O 7. O-O c5 8. d5
exd5 9. cxd5 d6 10. a4 Na6 11. e4 Nc7 12. Nh4 Re8 13. Nf5 Bf8 14. g4 a6 15. g5
Nd7 16. Bf4 Ne5 17. Bg3 b5 18. f4 Ng6 19. h4 b4 20. Nb1 f6 21. Nd2 Ne7 22.
Nxe7+ Qxe7 23. Nc4 Qf7 24. Ne3 Rad8 25. Re1 Na8 26. Rc1 Nb6 27. b3 a5 28. Bf3
Re7 29. Kh2 Kh8 30. Qd3 Ree8 31. Kg2 Ra8 32. Rh1 Ba6 33. Qb1 c4 34. bxc4 Nxa4
35. h5 Nc3 36. Rxc3 bxc3 37. h6 fxg5 38. hxg7+ Qxg7 39. Nf5 Qg8 40. fxg5 Qxg5
41. Rc1 Qd2+ 42. Bf2 Rab8 43. Qc2 Qxc2 44. Rxc2 Bxc4 45. Bd4+ Kg8 46. Kh3 Bf1+
47. Kh4 Rec8 48. Ne3 Be7+ 49. Kg3 Bd3 50. Rg2 Bg5 51. Kh2 h6 52. Bg4 Bxe4 53.
Bxc8 Rxc8 54. Rg1 c2 55. Bb2 Kf7 56. Bc1 a4 57. Re1 Rc3 58. Kg1 Bxe3+ 59. Rxe3
Rxe3 60. Bxe3 a3 0-1

[Event "Oberliga Ost A"]
[Site "?"]
[Date "2022.07.10"]
[Round "7.1"]
[White "Schunk, Thomas"]
[Black "Belous, Mikhail"]
[Result "0-1"]
[WhiteElo "2151"]
[BlackElo "2370"]
[PlyCount "106"]
[EventDate "2021.10.10"]
[EventType "team-tourn"]
[EventCountry "GER"]
[WhiteTeam "Leipzig SG II"]
[BlackTeam "Dessau SK"]
[WhiteTeamCountry "GER"]
[BlackTeamCountry "GER"]

1. c4 Nf6 2. Nc3 g6 3. e4 d6 4. g3 Bg7 5. Bg2 O-O 6. Nge2 c5 7. O-O Nc6 8. h3
a6 9. f4 Rb8 10. a4 Ne8 11. g4 Nd4 12. Kh1 Nc7 13. f5 b5 14. cxb5 axb5 15. Nxd4
Bxd4 16. Ne2 Bg7 17. a5 d5 18. d3 Bb7 19. Ra2 Na6 20. Bd2 dxe4 21. dxe4 c4 22.
Qc2 b4 23. Raa1 b3 24. Qc1 Nc5 25. Bc3 Bxc3 26. Nxc3 Qd4 27. Qd1 Nd3 28. Qe2
Ra8 29. Qd2 Ra6 30. Rab1 Rxa5 31. fxg6 hxg6 32. Nd5 Bxd5 33. Qxa5 Bxe4 34. Bxe4
Qxe4+ 35. Kh2 Qe2+ 36. Kg3 Qe3+ 37. Rf3 Qe4 38. Rbf1 Nxb2 39. Rf4 Qe3+ 40. R4f3
Qe6 41. h4 Nd3 42. Kh3 b2 43. Qc3 Qe2 44. h5 Qxf3+ 45. Rxf3 b1=Q 46. hxg6 Qh1+
47. Kg3 Qg1+ 48. Kh4 Qe1+ 49. Qxe1 Nxe1 50. gxf7+ Rxf7 51. Rc3 Nf3+ 52. Kh5 Ne5
53. Kg5 Rf3 0-1

[Event "Oberliga Ost A"]
[Site "?"]
[Date "2022.07.10"]
[Round "7.2"]
[White "Matthey, Harald"]
[Black "Pietzsch, Manuel"]
[Result "1-0"]
[WhiteElo "2062"]
[BlackElo "2127"]
[PlyCount "69"]
[EventDate "2021.10.10"]
[EventType "team-tourn"]
[EventCountry "GER"]
[WhiteTeam "Dessau SK"]
[BlackTeam "Leipzig SG II"]
[WhiteTeamCountry "GER"]
[BlackTeamCountry "GER"]

1. e4 c5 2. c3 Nf6 3. e5 Nd5 4. g3 d6 5. exd6 exd6 6. Bg2 Be6 7. Ne2 Nc6 8. O-O
Be7 9. d4 cxd4 10. Nxd4 Nxd4 11. Qxd4 Bf6 12. Qd3 Nb6 13. Bxb7 Nc4 14. Bc6+ Ke7
15. Bxa8 Qxa8 16. f4 h5 17. Re1 h4 18. g4 h3 19. Qe3 d5 20. Qf3 Bh4 21. Re2 g6
22. b3 Nd6 23. Ba3 Kd7 24. Bxd6 Kxd6 25. Na3 Qc8 26. Nb5+ Kc5 27. a4 Qd7 28.
Qe3+ Kc6 29. Nxa7+ Kb7 30. Nb5 Ka8 31. g5 d4 32. Qe4+ Kb8 33. Qe5+ Kb7 34. Qxh8
Bg4 35. Qxd4 1-0

[Event "Oberliga Ost A"]
[Site "?"]
[Date "2022.07.10"]
[Round "7.5"]
[White "Haufe, Laurin"]
[Black "Leibovitch, Iziaslav"]
[Result "1-0"]
[WhiteElo "2142"]
[BlackElo "2090"]
[PlyCount "61"]
[EventDate "2021.10.10"]
[EventType "team-tourn"]
[EventCountry "GER"]
[WhiteTeam "Leipzig SG II"]
[BlackTeam "Dessau SK"]
[WhiteTeamCountry "GER"]
[BlackTeamCountry "GER"]

1. e4 d6 2. d4 g6 3. g3 Bg7 4. Bg2 Nf6 5. Nc3 O-O 6. Nge2 e5 7. h3 Nc6 8. Be3
exd4 9. Nxd4 Ne5 10. O-O Nc4 11. Bc1 Re8 12. Qd3 Ne5 13. Qe2 c5 14. Nb3 Be6 15.
Rd1 Qe7 16. f4 Bc4 17. fxe5 Bxe2 18. exf6 Bxf6 19. Nxe2 Be5 20. Nf4 g5 21. Nd5
Qd8 22. Rf1 Kg7 23. Rf5 h6 24. g4 c4 25. Nd2 Qa5 26. c3 Rac8 27. Nf3 Qa4 28.
Be3 Qc2 29. Nxe5 dxe5 30. Raf1 Rf8 31. Rxe5 1-0

[Event "Oberliga Ost A"]
[Site "?"]
[Date "2022.07.10"]
[Round "7.6"]
[White "Ozeran, Volodymyr"]
[Black "Greger, Ubald"]
[Result "1/2-1/2"]
[WhiteElo "2090"]
[BlackElo "2131"]
[PlyCount "27"]
[EventDate "2021.10.10"]
[EventType "team-tourn"]
[EventCountry "GER"]
[WhiteTeam "Dessau SK"]
[BlackTeam "Leipzig SG II"]
[WhiteTeamCountry "GER"]
[BlackTeamCountry "GER"]

1. d4 d6 2. Nf3 Nf6 3. g3 c6 4. Bg2 Nbd7 5. c4 e5 6. dxe5 dxe5 7. O-O Be7 8.
Nc3 O-O 9. Qc2 Re8 10. e4 Bf8 11. h3 Qc7 12. Be3 Bc5 13. Rfe1 Bxe3 14. Rxe3
1/2-1/2

[Event "Oberliga Ost A"]
[Site "?"]
[Date "2022.07.10"]
[Round "7.7"]
[White "Gempe, Thomas"]
[Black "Schaefer, Sven"]
[Result "1/2-1/2"]
[WhiteElo "2143"]
[BlackElo "1966"]
[PlyCount "53"]
[EventDate "2021.10.10"]
[EventType "team-tourn"]
[EventCountry "GER"]
[WhiteTeam "Leipzig SG II"]
[BlackTeam "Dessau SK"]
[WhiteTeamCountry "GER"]
[BlackTeamCountry "GER"]

1. d4 Nf6 2. c4 g6 3. Nc3 Bg7 4. e4 d6 5. Nf3 O-O 6. Be2 e5 7. O-O Nc6 8. d5
Ne7 9. Ne1 Nd7 10. Be3 f5 11. f3 f4 12. Bf2 g5 13. Rc1 Nf6 14. c5 Ng6 15. cxd6
cxd6 16. Nb5 Ne8 17. a4 Rf7 18. Nxa7 Bd7 19. Nb5 Bf8 20. Nc3 Nf6 21. h3 h5 22.
Nd3 Rg7 23. Be1 g4 24. hxg4 hxg4 25. fxg4 Nh8 26. Nf2 Nf7 27. Nb5 1/2-1/2

[Event "Oberliga Ost A"]
[Site "?"]
[Date "2022.07.10"]
[Round "7.8"]
[White "Schaefer, Toni"]
[Black "Gempe, Anet"]
[Result "1/2-1/2"]
[WhiteElo "1318"]
[BlackElo "1977"]
[PlyCount "45"]
[EventDate "2021.10.10"]
[EventType "team-tourn"]
[EventCountry "GER"]
[WhiteTeam "Dessau SK"]
[BlackTeam "Leipzig SG II"]
[WhiteTeamCountry "GER"]
[BlackTeamCountry "GER"]

1. e4 e6 2. d4 d5 3. Nc3 Nf6 4. Bg5 Be7 5. e5 Nfd7 6. Bxe7 Qxe7 7. Nf3 O-O 8.
Qd2 c5 9. Nb5 Nc6 10. c3 a6 11. Na3 b5 12. Nc2 f6 13. exf6 Nxf6 14. dxc5 Ne4
15. Qe3 Qxc5 16. Qxc5 Nxc5 17. Ncd4 Bd7 18. Nxc6 Bxc6 19. Nd4 Bd7 20. f3 e5 21.
Nc2 a5 22. O-O-O Bc6 23. Ne3 1/2-1/2

[Event "Oberliga Ost A"]
[Site "?"]
[Date "2022.07.10"]
[Round "7.1"]
[White "Zwahr, Paul"]
[Black "Mastrovasilis, Dimitrios"]
[Result "0-1"]
[WhiteElo "2297"]
[BlackElo "2599"]
[PlyCount "94"]
[EventDate "2021.10.10"]
[EventType "team-tourn"]
[EventCountry "GER"]
[WhiteTeam "Dresden SG Gruen Weiss"]
[BlackTeam "Plauen SK Koenig"]
[WhiteTeamCountry "GER"]
[BlackTeamCountry "GER"]

1. e4 c5 2. Nf3 Nc6 3. d4 cxd4 4. Nxd4 e5 5. Nb5 d6 6. N1c3 a6 7. Na3 Be7 8.
Be3 Nf6 9. Nc4 b5 10. Nb6 Rb8 11. Nxc8 Qxc8 12. Be2 O-O 13. O-O b4 14. Nd5 Nxe4
15. Bf3 Nf6 16. Nxe7+ Nxe7 17. Qxd6 Nf5 18. Qxe5 Re8 19. Qf4 Nxe3 20. fxe3 Qxc2
21. Rf2 Qc5 22. Qd4 Qe7 23. Re2 Rbd8 24. Qc4 a5 25. a3 bxa3 26. Rxa3 Nd7 27.
Ra1 Ne5 28. Qc3 Rd3 29. Qe1 Nxf3+ 30. gxf3 Qf6 31. Qf2 Re5 32. Rae1 Rg5+ 33.
Kh1 Rf5 34. Rf1 h6 35. Kg2 Rg5+ 36. Kh1 Rf5 37. Kg2 Rb3 38. Rc1 a4 39. Rc4 Rfb5
40. Rd4 Qb6 41. Rxa4 Rxb2 42. Rd4 Qg6+ 43. Rg4 Qb1 44. Rd4 Qc1 45. Kh3 Rh5+ 46.
Rh4 Rxh4+ 47. Qxh4 Qc8+ 0-1

[Event "Oberliga Ost A"]
[Site "?"]
[Date "2022.07.10"]
[Round "7.2"]
[White "Zawadzka, Jolanta"]
[Black "Dahl, Christoph"]
[Result "1-0"]
[WhiteElo "2416"]
[BlackElo "2355"]
[PlyCount "79"]
[EventDate "2021.10.10"]
[EventType "team-tourn"]
[EventCountry "GER"]
[WhiteTeam "Plauen SK Koenig"]
[BlackTeam "Dresden SG Gruen Weiss"]
[WhiteTeamCountry "GER"]
[BlackTeamCountry "GER"]

1. e4 c5 2. Nf3 d6 3. d4 cxd4 4. Nxd4 Nf6 5. Nc3 a6 6. g3 g6 7. Bg2 Bg7 8. O-O
O-O 9. h3 Nc6 10. Nde2 Qc7 11. Nd5 Nxd5 12. exd5 Na5 13. c3 b5 14. Re1 Nc4 15.
Nd4 Bb7 16. a4 bxa4 17. Rxa4 Nb6 18. Ra5 Rfe8 19. h4 Nd7 20. Ra1 Nf6 21. Nc2
Kh8 22. Bf4 Nh5 23. Be3 e6 24. dxe6 Bxg2 25. exf7 Qxf7 26. Kxg2 Qb7+ 27. Qf3
Qxb2 28. Nd4 Qxc3 29. Rac1 Qa3 30. Ne6 Qb3 31. Nxg7 Nxg7 32. Rc7 Rf8 33. Qc6
Qb2 34. Rd1 Ne6 35. Rxd6 Rxf2+ 36. Bxf2 Nxc7 37. Qxc7 Rf8 38. Qc5 Qb7+ 39. Kh2
Qb2 40. Qd4+ 1-0

[Event "Oberliga Ost A"]
[Site "?"]
[Date "2022.07.10"]
[Round "7.3"]
[White "Genkin, Michael"]
[Black "Burian, Simon"]
[Result "1/2-1/2"]
[WhiteElo "2275"]
[BlackElo "2189"]
[PlyCount "70"]
[EventDate "2021.10.10"]
[EventType "team-tourn"]
[EventCountry "GER"]
[WhiteTeam "Dresden SG Gruen Weiss"]
[BlackTeam "Plauen SK Koenig"]
[WhiteTeamCountry "GER"]
[BlackTeamCountry "GER"]

1. d4 Nf6 2. Nf3 e6 3. c4 d5 4. Nc3 Be7 5. Bg5 O-O 6. e3 h6 7. Bh4 Ne4 8. Bxe7
Qxe7 9. Qc2 c6 10. Bd3 f5 11. Ne5 Qg5 12. f4 Qh4+ 13. g3 Qd8 14. O-O-O Qa5 15.
Bxe4 fxe4 16. g4 Nd7 17. Rhg1 Nxe5 18. dxe5 b5 19. cxb5 cxb5 20. Qb3 Ba6 21.
Rd4 Rac8 22. f5 Rc4 23. a3 Qc7 24. fxe6 Qxe5 25. Rgd1 Qxe6 26. Kb1 Qxg4 27.
Rxd5 Kh8 28. Nxb5 Bxb5 29. Qxb5 Qe2 30. Rd8 Qc2+ 31. Ka2 Rc8 32. R1d2 Rfxd8 33.
Rxc2 Rxc2 34. Qa4 Rxh2 35. Qxa7 Rdd2 1/2-1/2

[Event "Oberliga Ost A"]
[Site "?"]
[Date "2022.07.10"]
[Round "7.4"]
[White "Zaehringer, Daniel"]
[Black "Siedentopf, Daniel"]
[Result "1/2-1/2"]
[WhiteElo "2166"]
[BlackElo "2245"]
[PlyCount "74"]
[EventDate "2021.10.10"]
[EventType "team-tourn"]
[EventCountry "GER"]
[WhiteTeam "Plauen SK Koenig"]
[BlackTeam "Dresden SG Gruen Weiss"]
[WhiteTeamCountry "GER"]
[BlackTeamCountry "GER"]

1. d4 f5 2. Nc3 Nf6 3. Bg5 d5 4. e3 e6 5. Bd3 Be7 6. Nf3 O-O 7. O-O c5 8. dxc5
Bxc5 9. Na4 Be7 10. c4 Nc6 11. Nc3 Ne4 12. Bxe7 Nxe7 13. Qc2 Nxc3 14. Qxc3 Bd7
15. cxd5 Nxd5 16. Qb3 Bc6 17. Nd4 Qf6 18. Rfd1 Kh8 19. Rac1 f4 20. Nxc6 bxc6
21. e4 Rab8 22. Qa3 Nb4 23. Bf1 Qe5 24. Rc4 a5 25. Qc3 Qxc3 26. bxc3 Nxa2 27.
Ra1 Rb2 28. Rxc6 Rc2 29. h4 Nxc3 30. Rxe6 a4 31. Ra6 g6 32. e5 Re8 33. Ra5 Kg7
34. Bd3 Rd2 35. Bf1 Rc2 36. Bd3 Rd2 37. Bf1 Rc2 1/2-1/2